Pridaná hodnota závodnou metódou za všetky ekonomické subjekty SR za 1.-3. štvrťrok 1998

Guardado en:
Detalles Bibliográficos
Formato: Libro
Lenguaje:eslovaco
Publicado: Bratislava Štatistický úrad Slovenskej republiky 1998
Colección:Národné účty
Materias:
Etiquetas: Agregar Etiqueta
Sin Etiquetas, Sea el primero en etiquetar este registro!

MARC

LEADER 00000nam a2200000 4500
001 c105519
005 20251208102956.8
041 0 |a slo 
044 |a SK 
245 1 0 |a Pridaná hodnota závodnou metódou za všetky ekonomické subjekty SR za 1.-3. štvrťrok 1998 
264 1 |a Bratislava  |b Štatistický úrad Slovenskej republiky  |c 1998 
300 |a 13 s. 
490 1 |a Národné účty 
830 0 |a Národné účty 
610 2 0 |a Slovensko 
610 2 0 |a hodnota pridaná 
610 2 0 |a medzispotreba 
610 2 0 |a produkcia hrubá